Find Five Missing European Countries in 15 Seconds #2 - Map - Statistics

General Stats
  • This quiz has been taken 3,976 times
  • The average score is 4 of 5
Answers on the Map
Answers color-coded by a green-red scale on the quiz's map according to % correct below.
 
Answer Stats
Country % Correct
Norway
87%
Portugal
79%
Ireland
73%
Moldova
67%
Albania
52%
No matching quizzes found
Score Distribution
Percent of People with Each Score
Percentile by Number Answered
Your Score History
You have not taken this quiz